000 00474nam a2200181Ia 4500
001 24739
005 20260414151103.0
008 260414t2022||||xx |||||||||||||| ||spa||
041 _aESP
082 _a345.73
_bM26Z
100 _aMarinoni, Luiz Guilherme
_eAUT
245 0 _aLa zona de penumbra entre cortes supremas y cortes constitucionales
_b
260 _c2022
300 _a214 páginas :
_c20 cm.
650 _aDER
654 _aCDE
942 _cLIB
_dJUS
_fJUS
_2ddc
_n
999 _c24739
_d24739